MDQL
is popping MORE tags! Check the
thread
!
Quizzes
Events
Quiz Creation
Community
Videos
Private Events
Remove Ads
Sign In
Join for FREE
Feedback
Dark Mode
Quiz Categories
Sports
Geography
Music
Movies
Television
Just For Fun
Miscellaneous
History
Literature
Language
Science
Gaming
Entertainment
Religion
Holiday
For Kids
Quiz Lab
Recent
Popular Today
Quiz Kudos Today
Editor Picks
Curator Picks
Quizzes by...
Day
Popularity
Type
Ratings
Length
Year
Community
Subscriptions
Recent Discussions
Orange Saloon
Badges
Playlists
Quests
Create
Leaderboards
Showdown
Live 5
Trivia Bingo
Activity
Puzzle Library
Sporcle Events
Private Events
Virtual Trivia
Globe League
Become a Host
Pub Owners
SporcleCon
Opinionation
Our Games
Videos
Blog
Mobile Apps
Partnerships
Remove Ads and Go Orange
Feedback
Sports
Athletes
MLB
NBA
NHL
NFL
Soccer
Sports Teams
WWE
NCAA
Football
Premier League
Basketball
Baseball
Hockey
Golf
Tennis
Cricket
Rugby
Auto Racing
Olympics
World Cup
Sports
Athletes
MLB
NBA
NHL
NFL
Soccer
Sports Teams
WWE
NCAA
Football
Premier League
Basketball
Baseball
Hockey
Golf
Tennis
Cricket
Rugby
Auto Racing
Olympics
World Cup
Random Quiz
Search Sporcle
×
Quiz Lab
Quiz Lab
Sports
MLB
Type in answers that appear in a list
Type in answers that appear in a list
Classic
Best Score? Go Orange.
MLB - Opening Day 1B of the 2010s Stats
Can you name the opening day starting 1st basemen for each team from 2010-2019?
By
bayareabaseball
20m
300 Questions
5,084 Plays
5,084 Plays
5,084 Plays
Comments
Comments
Give Quiz Kudos
Give Quiz Kudos
-
- Ratings
hide this ad
Replay
Link that replays current quiz
Next Quiz
Link to next quiz in quiz playlist
You Got
0%
They Got
Avg Score
56%
Avg Friend Score
Upgrade to see
Score Distribution
Jump to the score distribution portion of the page
Score
0/300
Timer
20:00
0
Plays Today
% Correct
Paul Goldschmidt
97.1%
Joey Votto
97%
Joey Votto
97%
Joey Votto
97%
Joey Votto
97%
Joey Votto
97%
Joey Votto
97%
Joey Votto
97%
Paul Goldschmidt
97%
Joey Votto
97%
Paul Goldschmidt
96.9%
Paul Goldschmidt
96.9%
Paul Goldschmidt
96.9%
Paul Goldschmidt
96.9%
Paul Goldschmidt
96.9%
Chris Davis
96.9%
Chris Davis
96.9%
Chris Davis
96.9%
Chris Davis
96.9%
Paul Goldschmidt
96.9%
Chris Davis
96.9%
Joey Votto
96.7%
Chris Davis
96.7%
Ike Davis
96.7%
Ike Davis
96.7%
Ike Davis
96.7%
Ike Davis
96.7%
Ike Davis
96.7%
Freddie Freeman
96.4%
Freddie Freeman
96.4%
Miguel Cabrera
96.3%
Joey Votto
96.3%
Chris Davis
96.2%
Freddie Freeman
96.2%
Anthony Rizzo
96.1%
Freddie Freeman
96.1%
Miguel Cabrera
96.1%
Miguel Cabrera
95.9%
Miguel Cabrera
95.9%
Miguel Cabrera
95.9%
Miguel Cabrera
95.9%
Anthony Rizzo
95.9%
Chris Davis
95.8%
Miguel Cabrera
95.8%
Freddie Freeman
95.8%
Freddie Freeman
95.8%
Freddie Freeman
95.8%
Freddie Freeman
95.8%
Freddie Freeman
95.8%
Albert Pujols
95.7%
Albert Pujols
95.7%
Albert Pujols
95.7%
Albert Pujols
95.7%
Albert Pujols
95.7%
Albert Pujols
95.7%
Anthony Rizzo
95.7%
Anthony Rizzo
95.6%
Miguel Cabrera
95.5%
Adrian Gonzalez
95.3%
Adrian Gonzalez
95.3%
Adrian Gonzalez
95.3%
Adrian Gonzalez
95.3%
Adrian Gonzalez
95.3%
Adrian Gonzalez
95.3%
Adrian Gonzalez
95.1%
Anthony Rizzo
95%
Anthony Rizzo
95%
Anthony Rizzo
95%
Marwin Gonzalez
94.8%
Alex Gonzalez
94.7%
Adrian Gonzalez
94.3%
Eric Hosmer
94.2%
Eric Hosmer
94.2%
Albert Pujols
94%
Ryan Howard
94%
Ryan Howard
94%
Ryan Howard
94%
Ryan Howard
94%
Ryan Howard
94%
Ryan Howard
93.4%
Eric Hosmer
93.3%
Eric Hosmer
93.3%
Eric Hosmer
93.2%
Eric Hosmer
93.2%
Eric Hosmer
93.2%
Jose Abreu
93.1%
Jose Abreu
93.1%
Jose Abreu
93%
Jose Abreu
93%
Eric Hosmer
92.8%
Adrian Gonzalez
92.2%
Jose Abreu
92.2%
Jose Abreu
92.2%
Marwin Gonzalez
92%
Brandon Belt
91.5%
Mark Teixeira
91.4%
Mark Teixeira
91.4%
Mark Teixeira
91.4%
Mark Teixeira
91.4%
Mark Teixeira
91.4%
% Correct
Brandon Belt
91.4%
Brandon Belt
91.3%
Mark Teixeira
90.7%
Ryan Zimmerman
90.6%
Brandon Belt
90.5%
Brandon Belt
90.5%
Brandon Belt
90.5%
Brandon Belt
90.5%
Brandon Belt
90.5%
Brandon Belt
90.3%
Prince Fielder
90.3%
Prince Fielder
90.3%
Prince Fielder
90.3%
Prince Fielder
90.3%
Prince Fielder
90.3%
Prince Fielder
90.3%
Ryan Zimmerman
90%
Ryan Zimmerman
89.7%
Edwin Encarnacion
88.8%
Edwin Encarnacion
88.8%
Edwin Encarnacion
88.8%
Edwin Encarnacion
88.4%
Ryan Zimmerman
88.3%
Carlos Santana
87.3%
Carlos Santana
87.2%
Josh Bell
87.1%
Josh Bell
86.8%
Joe Mauer
86.1%
Joe Mauer
85.5%
Justin Morneau
85%
Justin Morneau
85%
Justin Morneau
85%
Justin Morneau
85%
Justin Morneau
85%
Ryan Zimmerman
84.9%
Joe Mauer
84.8%
Joe Mauer
84.8%
Todd Helton
84.4%
Todd Helton
84.4%
Todd Helton
84.4%
Todd Helton
84.4%
Paul Konerko
83.6%
Paul Konerko
83.6%
Paul Konerko
83.6%
Paul Konerko
83.6%
David Ortiz
81.5%
Carlos Santana
81.3%
Joe Mauer
81.1%
Hanley Ramirez
80.6%
Mitch Moreland
80.1%
Yulieski Gurriel
78.5%
Lucas Duda
78.3%
Mike Napoli
77.8%
Lucas Duda
77%
Mitch Moreland
76.8%
Pete Alonso
76.4%
Matt Carpenter
76.2%
Mitch Moreland
76.1%
Matt Olson
76.1%
Justin Bour
76.1%
Lucas Duda
75.8%
Justin Smoak
75.8%
Mike Napoli
75.6%
Mike Napoli
75.6%
Mike Napoli
75.6%
Mike Napoli
75.6%
Cody Bellinger
75.1%
Mike Napoli
74.9%
Hanley Ramirez
73.9%
Yonder Alonso
73.7%
Derrek Lee
73.6%
Derrek Lee
73.6%
Josh Bell
73.6%
Carlos Lee
73.5%
Justin Bour
73.1%
Justin Smoak
73%
Mark Reynolds
72.8%
Justin Bour
72.8%
Greg Bird
72.5%
Adam LaRoche
72.4%
Adam LaRoche
72.4%
Adam LaRoche
72.4%
Adam LaRoche
72.4%
Adam LaRoche
72.4%
Jose Martinez
72.3%
Mark Reynolds
72%
Mitch Moreland
71.9%
Matt Adams
71.7%
Matt Adams
71.7%
Matt Olson
71.3%
Chris Carter
71.1%
Max Muncy
70.9%
Rhys Hoskins
70.9%
Chris Carter
70%
Lucas Duda
69.7%
C.J. Cron
69.1%
Greg Bird
68.4%
Justin Bour
68.3%
Carlos Pena
68%
Carlos Pena
68%
% Correct
Carlos Pena
68%
C.J. Cron
68%
Yonder Alonso
67.1%
Justin Smoak
66.7%
Justin Smoak
66.7%
Justin Smoak
66.7%
Justin Smoak
66.7%
C.J. Cron
66.5%
Pedro Alvarez
66%
Christian Walker
65.6%
C.J. Cron
65.5%
Wil Myers
64.1%
James Loney
62.9%
James Loney
62.9%
James Loney
62.9%
James Loney
62.9%
James Loney
62.9%
James Loney
62.8%
Wil Myers
62.5%
Yulieski Gurriel
62.2%
Jesus Aguilar
61.8%
Logan Morrison
61.4%
Yonder Alonso
60.9%
Yonder Alonso
60.9%
Yonder Alonso
60.9%
Yonder Alonso
60.9%
Logan Morrison
59.9%
Garrett Jones
58.5%
Garrett Jones
58.4%
Billy Butler
58.2%
Adam Lind
57.7%
Eric Thames
57.5%
Adam Lind
57.3%
Adam Lind
57.3%
Adam Lind
57.3%
Ian Desmond
57.1%
Logan Morrison
56.9%
Lance Berkman
55.3%
Daniel Murphy
55%
Ryan Braun
53.8%
Mark Trumbo
53.5%
Kevin Youkilis
52.9%
Kevin Youkilis
52.9%
Adam Dunn
51.1%
Joey Gallo
51%
Ji-Man Choi
49.8%
Kendrys Morales
48.4%
John Jaso
47.5%
Matt Holliday
46.4%
Dan Johnson
45.8%
Brandon Moss
43.9%
Steve Pearce
43.7%
Gaby Sanchez
42.1%
Gaby Sanchez
42.1%
Gaby Sanchez
42.1%
Gaby Sanchez
42%
Steve Pearce
39.8%
Aubrey Huff
39.3%
Tommy Joseph
38.7%
Allen Craig
38.6%
Ronald Guzman
37.5%
Nick Swisher
35.5%
Nick Swisher
35.5%
Chris Colabello
33.4%
Ryon Healy
33.4%
Lyle Overbay
33.2%
Lyle Overbay
33.2%
Lyle Overbay
33.2%
Tyler Austin
31.7%
Michael Morse
31.2%
Jay Bruce
29.6%
Danny Valencia
28.1%
Martin Prado
27.9%
Daric Barton
26.6%
Daric Barton
26.6%
Daric Barton
26.6%
Mark Canha
24.6%
Casey Kotchman
23.3%
Casey Kotchman
23.3%
Casey Kotchman
23.3%
Troy Glaus
18.7%
Mike Jacobs
18.5%
Brett Wallace
17.8%
Brett Wallace
17.7%
Matt LaPorta
16.9%
Matt LaPorta
16.9%
Ty Wigginton
15.8%
Jesus Guzman
15.5%
Travis Ishikawa
13.7%
Jeff Baker
13%
Frank Schwindel
11.1%
Brandon Allen
11.1%
Garrett Atkins
10.4%
Mat Gamel
10.3%
Brad Hawpe
9.1%
Juan Miranda
8.6%
Chris Parmelee
6.9%
Kila Ka'aihue
6.1%
Geoff Blum
5.4%
Jeff Clement
5.3%
Quiz Playlist
Details
Report
Send in Message
Add To Playlist
Classic:
Type in answers that appear in a list
Last Updated: Mar 31, 2019
Quiz Scoreboard
CHALLENGE
Sign Up to Join the Scoreboard
Show All
Scores
Hide
Comments
May contain spoilers
Recently Published
Image Sorting: Flags VI
by Barbecue
Geography
2m
Find the 'City' Movie
by crazypaving
Movies
60s
Colored Red Africa Blitz
by spor1
Geography
45s
More to Explore
Quiz From the Vault
Featured Blog Post
14 Easter Pick-up Lines to Find Eggs With
hide this ad
You Might Also Like...
Tags
MLB Quiz
2010
basemen
Starting
team
Today's Top Quizzes in Sports
Browse Sports
hide this ad
Today's Top Quizzes in MLB
Browse MLB
Top Contributed Quizzes in Sports
1
Les meilleurs buteurs des matchs entre le PSG et l’OM
2
Les entraîneurs de l'OM et du PSG au 21e siècle
3
Les joueurs passés par le PSG et l'OM
4
2022 World Cup Stars
5
Players with Multiple 50 Home Run Seasons
6
Criteria MLB: Left Handed Sluggers
7
Les joueurs passés par le LOSC et le RC Lens
8
NBA Logic Puzzle 2.0
9
MLB Players with Two .350 Batting Average Seasons
10
FIFA Club World Cup Champions
Explore More
Trending Topics
Marvel
Disney
Anime
NBA
Harry Potter
Kpop
Crossword
Soccer
The Office
NFL
Song
Puzzle
Country
Pokémon
WWE
hide this ad
More By:
bayareabaseball
Quiz
Plays
Rating
Category
Featured
Created
MLB - Opening Day 1B of the 2010s
5,084
4.93
Sports
Mar 19, 2016
MLB - Opening Day P of the 2010s
3,536
4.83
Sports
Mar 26, 2016
MLB - Opening Day Catchers of the 2010s
3,511
4.85
Sports
Mar 19, 2016
MLB - Opening Day SS of the 2010s
3,154
4.67
Sports
Mar 21, 2016
MLB - Opening Day 3B of the 2010s
3,086
4.88
Sports
Mar 20, 2016
Go to Creator's Profile
Score Distribution
Quiz Creator Spotlight
bayareabaseball
Follow
Send a Message
Quizzes Created
-
Created Quiz Play Count
-
More By This Creator
Popular Quizzes Today
1
Colored Red Africa Blitz
2
Find the US States - No Outlines Minefield
3
Find the 'City' Movie
4
5x2 Blitz: Bands
5
The Countries of the World
6
Find the US States
7
Find the Countries of Europe - No Outlines Minefield
8
US States
More Sports Quizzes
Miami Dolphins Roster 2024-2025 (Updated 03/24/24)
Quiz Lab
Trending Quizzes
Colored Red Europe Blitz I
Colored Red Europe Blitz II
Colored Red Africa Blitz II
Colored Red Europe Blitz III
Colored Red Africa Blitz III
Recently Updated
How Do You Spell That?
pecheneg
Godzilla Movies
pecheneg
Grab Bag: 4-10 Letters
pecheneg
2024 March Madness Bracket
pecheneg
Famous TV Couples
Peacemaker
Champions League XIs: Real Madrid
pecheneg
Largest US Cities 1790-2010
pecheneg
Rides in Walt Disney World
pecheneg
Most Oscar Losses (Acting)
pecheneg
Beyoncé Albums
pecheneg
Trending Topics
Disney
Anime
NBA
Marvel
Harry Potter
Kpop
Crossword
Country
The Office
Soccer
Puzzle
Pokémon
WWE
Song
NFL
Your Account Isn't Verified!
In order to create a playlist on Sporcle, you need to verify the email address you used during registration. Go to your
Sporcle Settings
to finish the process.
Report this User
Report this user for behavior that violates our
Community Guidelines
.
Details:
Send Report
Go to the Sporcle.com Mobile Site →
Comments